| 000 | 00646nam a2200193 i 4500 | ||
|---|---|---|---|
| 001 | 171379 | ||
| 003 | ES-MaACL | ||
| 005 | 20250808062805.0 | ||
| 008 | 090513s1971 sp |||| | spa d | ||
| 017 | _aM 5767-1971 | ||
| 100 | 0 |
_aCabodevilla, José María. _933240 |
|
| 245 | 1 | 0 |
_aDiscurso del Padrenuestro _b: ruegos y preguntas / _cpor José María Cabodevilla. |
| 260 |
_aMadrid : _b[La Editorial Católica], _c1971. |
||
| 300 |
_a457 p., 1 h. ; _c20 cm. |
||
| 490 | 1 |
_aBiblioteca de autores cristianos ; _v319 |
|
| 830 | 0 | 0 |
_aBiblioteca de autores cristianos _v319 _9178679 |
| 852 |
_aES-MaACL _jJ-312 _9R.46092 |
||
| 999 |
_c171379 _d171379 |
||